000 00728nam a2200289Ia 4500
005 20260324141812.0
008 008 260324s9999 xx 000 0 eng d
020 _a9780203053294
037 _aEBOOK
040 _aCRL
040 _beng
040 _cCRL
041 _2eng
041 _aeng
084 _qCRL
100 _aScott Grabinger; Joanna C. Dunlap; Piet A.M. Kommers
_91209568
245 0 _aHypermedia Learning Environments
245 0 _bInstructional Design and Integration
260 _bTaylor and Francis
260 _c1996
365 _a
365 _b65.99
856 _uhttp://www.taylorfrancis.com/books/9780203053294
942 _cEBOOK
999 _c1813034
_d1813034